| 000 | 00602nam a2200181 4500 | ||
|---|---|---|---|
| 008 | 021001s1999 us eng | ||
| 020 | _a9042906901 | ||
| 090 | 0 |
_aBR185 _bL62l |
|
| 245 | 1 | 0 |
_aThe life of Stephen of Mar Sabas / _cedited by John C. Lamoreaux. |
| 260 |
_aLeuven : _bPeeters, _cc1999. |
||
| 300 | _a151 p. | ||
| 600 | 1 | 4 | _aStephen, Saint, 439-532. |
| 650 | 4 | _aMar Saba (Monastery). | |
| 651 | 4 |
_aMonasticism and religious orders _zPalestine _yEarly church, ca. 30-600. |
|
| 700 | 1 | _aLamoreaux, John C. | |
| 950 | 0 | _51.00 | |
| 951 |
_p25311 _oBR185/L62l _j070613111152500 _d2000-12-21 _cREF |
||
| 999 |
_c13202 _d13202 |
||